[Event "Challenge"]
[Site "http://www.queenalice.com/game.php?id=1768436"]
[Date "2021.9.1"]
[Round "-"]
[White "sunking09"]
[Black "magalhaes_br"]
[Result "1-0"]
[WhiteElo "1227"]
[BlackElo "1294"]

1. b3 e5 2. Bb2 Nc6 3. Nf3 f6 4. e3 Bc5 5. d4 Bd6 6. c4 b6 7. d5 Nce7 8. Nh4 Bb7
9. Bd3 g5 10. Qh5+ Kf8 11. Bxh7 Qe8 12. Ng6+ Kf7 13. Nxh8+ Kg7 14. Qg6+ Qxg6 15.
Bxg6 Kxh8 16. e4 Nxg6 17. g3 Nh6 18. O-O f5 19. Nd2 Bc5 20. exf5 Nxf5 21. Ne4
Bd4 22. Bxd4 Nxd4 23. Rae1 Nf3+ 24. Kg2 Nxe1+ 25. Rxe1 c6 26. Nd6 Ba6 27. Nf7+
Kg7 28. Nd6 cxd5 29. Rd1 1-0

[Event "Challenge"]
[Site "http://www.queenalice.com/game.php?id=1768437"]
[Date "2021.9.1"]
[Round "-"]
[White "magalhaes_br"]
[Black "dpambakian"]
[Result "0-1"]
[WhiteElo "1538"]
[BlackElo "1320"]

1. d4 d5 2. Nf3 Bf5 3. Bf4 Nc6 4. e3 Nf6 5. Bd3 Bg4 6. Nbd2 e6 7. O-O Bb4 8. c3
Ba5 9. Qb3 O-O 10. Qxb7 Qd7 11. Bb5 Bf5 12. Bxc6 Qd8 13. Qb5 Nh5 14. Bg5 Qd6 15.
Bxa8 Rxa8 16. Qxa5 h6 17. Bh4 g5 18. Bg3 Qb6 19. Qxb6 axb6 20. Bxc7 Rc8 21. Bxb6
f6 22. Rac1 g4 23. Nh4 Bd3 24. Rfe1 e5 25. Nf5 Bxf5 26. g3 exd4 27. Bxd4 Rb8 28.
b3 Ra8 29. a4 Bd7 30. c4 dxc4 31. Rxc4 Rb8 32. Rc5 Ng7 33. Bxf6 Ne6 34. Be5 Rf8
35. Rd5 Bc6 36. Ra5 Ng5 37. Ra6 Nh3+ 38. Kf1 Rxf2# 0-1

[Event "Challenge"]
[Site "http://www.queenalice.com/game.php?id=1768438"]
[Date "2021.9.1"]
[Round "-"]
[White "dpambakian"]
[Black "magalhaes_br"]
[Result "1-0"]
[WhiteElo "1293"]
[BlackElo "1565"]

1. e4 e5 2. Bc4 c6 3. Nf3 d6 4. O-O Qf6 5. d3 Be6 6. Ng5 Bxc4 7. dxc4 h6 8. Nh3
Nd7 9. Nc3 Be7 10. a4 a5 11. Qg4 h5 12. Qe2 c5 13. Nd5 Qg6 14. Nc7+ Kf8 15. Nxa8
Ndf6 16. Ra3 Nxe4 17. Re3 f5 18. Rd1 Ngf6 19. f3 Kf7 20. fxe4 Rxa8 21. c3 Nxe4
22. Qd2 Nxd2 23. Rxd2 f4 24. Rf3 Bg5 25. b4 cxb4 26. cxb4 axb4 27. g3 Rxa4 28.
Kf2 Ke6 29. gxf4 Qb1 30. Bb2 Ra2 31. Nxg5+ Kf6 32. Ne4+ Ke6 33. f5+ Ke7 34. f6+
gxf6 35. Ng3 Rxb2 36. Nf5+ 1-0

[Event "Challenge"]
[Site "http://www.queenalice.com/game.php?id=1768889"]
[Date "2021.9.4"]
[Round "-"]
[White "Francisco333"]
[Black "magalhaes_br"]
[Result "0-1"]
[WhiteElo "1007"]
[BlackElo "1496"]

1. e4 e5 2. Bc4 Qf6 3. Nf3 d6 4. O-O Be6 5. h3 Bxc4 6. Re1 Qe6 7. b3 Bb5 8. Nc3
Bd7 9. d3 Nf6 10. d4 g6 11. Bg5 Bg7 12. Qd2 O-O 13. Bxf6 Qxf6 14. d5 c6 15. a4
a5 16. h4 Qf4 17. Qd3 Bg4 18. Ng5 h6 19. Nf3 Bxf3 20. gxf3 Qxh4 21. Kg2 Nd7 22.
Rh1 Qg5+ 23. Kf1 Nc5 24. Qd1 Nd7 25. Qb1 Qf4 26. Qd1 Nf6 27. Qd3 Ra6 28. Rb1
cxd5 29. exd5 Re8 30. Re1 Qd4 31. Qb5 Rb8 32. Ra1 Qxc3 33. Rc1 Qd2 34. Kg2 e4
35. f4 Qxd5 36. Qe2 e3+ 37. f3 Qd2 38. Rhe1 Qxe2+ 39. Rxe2 Nd5 40. c4 Nxf4+ 41.
Kf1 Nxe2 42. Kxe2 Re8 43. c5 dxc5 44. Rxc5 b6 45. Rc4 Re5 46. Rc8+ Bf8 47. Rc4
b5 48. Rc8 bxa4 49. bxa4 Rd6 50. Rc1 Rd2+ 51. Kf1 e2+ 52. Ke1 Rd1+ 53. Rxd1
exd1=Q+ 54. Kxd1 Re3 55. Kd2 Rxf3 56. Ke2 Ra3 57. Kd2 h5 58. Ke1 Rxa4 0-1

[Event "Challenge"]
[Site "http://www.queenalice.com/game.php?id=1768988"]
[Date "2021.9.6"]
[Round "-"]
[White "Derik_vd_Heever"]
[Black "magalhaes_br"]
[Result "1-0"]
[WhiteElo "1460"]
[BlackElo "1313"]

1. e4 e5 2. Nf3 d6 3. Nc3 c6 4. g3 Nf6 5. Bg2 g6 6. O-O Bg7 7. d4 Nbd7 8. Bg5 b5
9. b4 O-O 10. Qd2 Re8 11. d5 Qb6 12. Qd3 a5 13. a3 a4 14. Nh4 c5 15. Rab1 c4 16.
Qe2 h6 17. Be3 Qb7 18. Rbd1 1-0

[Event "Challenge"]
[Site "http://www.queenalice.com/game.php?id=1769777"]
[Date "2021.9.13"]
[Round "-"]
[White "magalhaes_br"]
[Black "Francisco333"]
[Result "1-0"]
[WhiteElo "1478"]
[BlackElo "1005"]

1. e4 e5 2. c3 Nc6 3. Nf3 d6 4. Bc4 Be6 5. Bd3 Nf6 6. O-O Qd7 7. Re1 O-O-O 8.
Bb5 a6 9. Bd3 h5 10. Qc2 d5 11. h3 Bc5 12. Re2 d4 13. c4 Nb4 14. Qb3 Nc6 15. a4
Nb4 16. Nxe5 Qe7 17. Na3 Bd6 18. Qd1 Bxe5 19. Bb1 g5 20. Nc2 Bxc4 21. Re1 Bd3
22. Nxb4 Qxb4 23. Bxd3 h4 24. Ra3 Bd6 25. e5 Rde8 26. exd6 Qxd6 27. Bf5+ Kb8 28.
d3 Qd5 29. Be4 Qc5 30. Bf3 Qb4 31. Rxe8+ Rxe8 32. Bd2 Qxb2 33. Ra1 Qb6 34. Rb1
Qa7 35. Bxg5 Nd7 36. Rxb7+ Qxb7 37. Bxb7 Kxb7 38. Qb3+ Ka7 39. Qxf7 Rd8 40. Bxd8
c5 41. Qxd7+ Ka8 42. Bb6 c4 43. Qa7# 1-0

[Event "Challenge"]
[Site "http://www.queenalice.com/game.php?id=1769928"]
[Date "2021.9.15"]
[Round "-"]
[White "magalhaes_br"]
[Black "dpambakian"]
[Result "1-0"]
[WhiteElo "1513"]
[BlackElo "1309"]

1. e4 e5 2. Nf3 Nc6 3. Bc4 Nh6 4. d3 Bc5 5. h3 O-O 6. Bxh6 gxh6 7. Qd2 Bb4 8. c3
Ba5 9. Qxh6 Ne7 10. Ng5 Ng6 11. Qxh7# 1-0

[Event "Challenge"]
[Site "http://www.queenalice.com/game.php?id=1770748"]
[Date "2021.9.25"]
[Round "-"]
[White "magalhaes_br"]
[Black "LuizFerreira"]
[Result "1-0"]
[WhiteElo "1468"]
[BlackElo "1418"]

1. e4 e5 2. c3 Nc6 3. d4 f6 4. d5 Na5 5. Nf3 g6 6. b4 Bh6 7. Bxh6 Nxh6 8. bxa5
d6 9. g3 Bg4 10. Nbd2 f5 11. Qa4+ c6 12. dxc6 bxc6 13. Qxc6+ Kf8 14. Ng5 Rc8 15.
Ne6+ Kg8 16. Nxd8 Rxc6 17. Nxc6 a6 18. Bxa6 Nf7 19. h3 Bh5 20. Bc4 Kg7 21. Rb1
Nh6 22. Rb7+ Nf7 23. Rxf7+ Kh6 24. Be2 g5 25. Bxh5 Kxh5 26. g4+ Kh4 27. Rxf5 Rc8
28. Nf3# 1-0

[Event "Challenge"]
[Site "http://www.queenalice.com/game.php?id=1771031"]
[Date "2021.9.28"]
[Round "-"]
[White "magalhaes_br"]
[Black "Francisco333"]
[Result "0-1"]
[WhiteElo "1458"]
[BlackElo "1003"]

1. c3 e5 2. e4 Nf6 3. Qe2 d6 4. Nf3 d5 5. d3 Bc5 6. h3 O-O 7. Be3 Bxe3 8. Qxe3
Nc6 9. Be2 d4 10. cxd4 exd4 11. Qd2 Be6 12. O-O a5 13. Na3 b6 14. Rfc1 Qd7 15.
Qf4 Bd5 16. exd5 Nxd5 17. Qg4 f5 18. Qh4 Nf6 19. Rc2 Nb4 20. Rcc1 c5 21. Ne5 Qe6
22. Nac4 Rab8 23. a3 Nbd5 24. b4 Ra8 25. b5 Nc3 26. Bf1 Nfd5 27. a4 Nb4 28. Nc6
Nxc6 29. bxc6 Qxc6 30. Ne5 Qe6 31. Re1 Ne4 32. Nc4 Qc6 33. Ne5 Qd5 34. f3 Nc3
35. Qe7 Rad8 36. Nc4 Rf7 37. Qe5 Qc6 38. Rac1 Na2 39. Rc2 Nb4 40. Rce2 Qxa4 41.
Nxb6 Nxd3 42. Rc1 Qc6 43. Nc4 a4 44. Ra2 Nxc1 45. Rc2 Nb3 46. Ra2 d3 47. Nd2 Nc1
48. Ra1 Nb3 49. Nxb3 axb3 50. Qc3 h6 51. Bxd3 Re7 52. Bxf5 c4 53. Qb4 Qf6 54.
Qa5 Re5 55. Bb1 Rxa5 56. Rxa5 Qc3 57. Rc5 Qd4+ 58. Kh2 Qxc5 59. g4 Rd1 60. Bg6
Qf2# 0-1

[Event "Challenge"]
[Site "http://www.queenalice.com/game.php?id=1771377"]
[Date "2021.10.3"]
[Round "-"]
[White "Francisco333"]
[Black "magalhaes_br"]
[Result "1/2-1/2"]
[WhiteElo "1033"]
[BlackElo "1428"]

1. d4 d5 2. Nc3 Nf6 3. e4 dxe4 4. Bb5+ c6 5. Ba4 g6 6. Nge2 Bg7 7. O-O O-O 8.
Bg5 Bd7 9. Bxf6 exf6 10. Nxe4 f5 11. N4g3 b5 12. Bb3 Be6 13. d5 cxd5 14. Nf4 Bd7
15. Bxd5 Bc6 16. Bxc6 Na6 17. Nd5 Rc8 18. Bxb5 Nc7 19. c4 Nxb5 20. Rc1 Nd6 21.
c5 Nb5 22. a4 Nc7 23. b4 Nxd5 24. b5 Bb2 25. Rb1 Bc3 26. Ne4 Ba5 27. Qd3 Nf4 28.
Qf3 Qc7 29. Rbc1 Rce8 30. Nf6+ Kg7 31. Nxe8+ Rxe8 32. g3 Nh5 33. Rfd1 Rd8 34.
Re1 Bb4 35. c6 Nf6 36. Rf1 Nd5 37. Rfd1 Ba3 38. Qxa3 a5 39. Rxd5 Rxd5 40. Qb3
Rd2 41. Qc3+ f6 42. Qxd2 g5 43. Qd3 Kg6 44. Qd4 h6 45. b6 h5 46. Qd5 h4 47. Qxa5
Qd6 48. c7 Qf8 49. b7 hxg3 50. fxg3 Qe8 51. b8=Q Qe3+ 52. Kg2 Qxc1 53. c8=Q Qxc8
54. Qxc8 g4 55. h4 Kg7 56. Qaxf5 Kf7 57. Qcd7+ Kf8 58. Qfh7 f5 59. Qhxf5+ Kg8
60. Qf6 1/2-1/2

[Event "Challenge"]
[Site "http://www.queenalice.com/game.php?id=1771829"]
[Date "2021.10.9"]
[Round "-"]
[White "LuizFerreira"]
[Black "magalhaes_br"]
[Result "1-0"]
[WhiteElo "1406"]
[BlackElo "1273"]

1. d4 d5 2. Nc3 Nf6 3. Nf3 g6 4. g3 Bg7 5. Qd3 Bf5 6. Qb5+ Nc6 7. Qxb7 Na5 8.
Qa6 c6 9. e3 Bc8 10. Qd3 O-O 11. b3 Bf5 12. Qd2 Ne4 13. Qd3 Nb7 14. Nh4 Be6 15.
Nxe4 dxe4 16. Qxe4 Qd5 17. Bd3 Qxe4 18. Bxe4 Rac8 19. Ba3 Rfe8 20. Nf3 Nd6 21.
Bc5 Nxe4 22. Bxa7 Ra8 23. Bb6 Bg4 24. Nh4 Rab8 25. Ba5 c5 26. f3 Bh3 27. fxe4
Rb5 28. Bc3 Rd8 29. Nf3 Bg2 30. Rf1 Bxf1 31. Kxf1 1-0

[Event "Challenge"]
[Site "http://www.queenalice.com/game.php?id=1772265"]
[Date "2021.10.14"]
[Round "-"]
[White "magalhaes_br"]
[Black "AdilsonGomes"]
[Result "0-1"]
[WhiteElo "1414"]
[BlackElo "1429"]

1. e4 b6 2. Nf3 Bb7 3. Nc3 e6 4. d4 d5 5. e5 Ne7 6. Be2 Nf5 7. Bf4 Nc6 8. Bb5 a6
9. Be2 Nfxd4 10. Nxd4 Bc5 11. O-O Bxd4 12. Bg3 Bxe5 13. Bxe5 Nxe5 14. Qd4 Qd6
15. f4 Nc6 16. Qxg7 Qf8 17. Qxf8+ Rxf8 18. Bh5 O-O-O 19. Ne2 f5 20. b3 Nb4 21.
Nd4 Rf6 22. Rfe1 Kd7 23. c3 Nc6 24. Nf3 h6 25. Kf2 Kd6 26. b4 a5 27. b5 Na7 28.
a4 Nc8 29. Rad1 c6 30. bxc6 Bxc6 31. Nd4 Bxa4 32. Ra1 Bd7 33. h3 Ne7 34. Reb1
Rb8 35. Nb5+ Kc6 36. Nd4+ Kd6 37. Bf3 Rff8 38. Be2 Rfc8 39. Nb5+ Bxb5 40. Rxb5
Rxc3 41. Rab1 Kc6 42. R5b2 Nc8 43. Bh5 Nd6 44. Bf7 Nxf7 0-1

[Event "Challenge"]
[Site "http://www.queenalice.com/game.php?id=1772641"]
[Date "2021.10.19"]
[Round "-"]
[White "Francisco333"]
[Black "magalhaes_br"]
[Result "1-0"]
[WhiteElo "1047"]
[BlackElo "1369"]

1. d4 d5 2. Nc3 Nf6 3. Be3 g6 4. Nf3 Bg7 5. Qd2 O-O 6. O-O-O c6 7. h4 Re8 8. a3
Nbd7 9. g3 h5 10. Bg5 a5 11. e3 Nf8 12. Qd3 Bf5 13. Qd2 Ng4 14. Bh3 b5 15. Ne5
Nxe5 16. Bf1 Nf3 17. Qe2 Bg4 18. Bg2 Nxg5 19. f3 1-0